000 00719nam a2200229 i 4500
001 118971
003 ES-MaACL
005 20250807081304.0
007 t|
008 070214s1966 sp r ||||1| cat d
100 1 _aPicard, Hervé.
_991777
245 1 0 _aOrientacions per abans de casar-vos /
_cHervé Picard ; versió catalana de Martí Bayó.
260 _aBarcelona :
_bNova Terra,
_c1966.
300 _a143 p. ;
_c20 cm.
490 1 _aCol·leccio Nadal ;
_v9
650 0 7 _aMatrimonio
_2embne
_914855
650 7 _aÉtica sexual
_2embne
_912591
700 1 _aBayó, Martí.
_926697
830 0 _aCol·leccio Nadal ;
_v9
_9181843
852 _aES-MaACL
_jC-29111
_bR.59517
999 _c118971
_d118971